Active root distribution pattern of Hevea brasiliensis determined by radioassay of latex serum (Record no. 53770)

MARC details
000 -LEADER
fixed length control field 00567nam a2200205Ia 4500
100 ## - MAIN ENTRY--AUTHOR NAME
Personal name George Sherin
245 #0 - TITLE STATEMENT
Title Active root distribution pattern of Hevea brasiliensis determined by radioassay of latex serum
260 ## - PUBLICATION, DISTRIBUTION, ETC. (IMPRINT)
Name of publisher Agroforestry Systems
Year of publication 2009
300 ## - PHYSICAL DESCRIPTION
Number of Pages 275-281
650 ## - SUBJECT ADDED ENTRY--TOPICAL TERM
Topical Term 32 P Soil injection
650 ## - SUBJECT ADDED ENTRY--TOPICAL TERM
Topical Term Hevea
650 ## - SUBJECT ADDED ENTRY--TOPICAL TERM
Topical Term Root competition
650 ## - SUBJECT ADDED ENTRY--TOPICAL TERM
Topical Term Root distribution
700 ## - ADDED ENTRY--PERSONAL NAME
Personal name Nair R B
700 ## - ADDED ENTRY--PERSONAL NAME
Personal name Punnoose K I
700 ## - ADDED ENTRY--PERSONAL NAME
Personal name Suresh P R
700 ## - ADDED ENTRY--PERSONAL NAME
Personal name Wahid P A
942 ## - ADDED ENTRY ELEMENTS (KOHA)
Koha item type Journals
Holdings
Withdrawn status Lost status Damaged status Not for loan Home library Current library Shelving location Date acquired Serial Enumeration / chronology Koha item type
      Journals RRII Library RRII Library Crop management 10/08/2009 Volume 76, Issue Journals